<?xml version="1.0" encoding="UTF-8"?>
<record
    xmlns:xsi="http://www.w3.org/2001/XMLSchema-instance"
    xsi:schemaLocation="http://www.loc.gov/MARC21/slim http://www.loc.gov/standards/marcxml/schema/MARC21slim.xsd"
    xmlns="http://www.loc.gov/MARC21/slim">

  <leader>00410nam a22001457a 4500</leader>
  <datafield tag="999" ind1=" " ind2=" ">
    <subfield code="c">7528</subfield>
    <subfield code="d">7526</subfield>
  </datafield>
  <controlfield tag="005">20210306111221.0</controlfield>
  <controlfield tag="008">210306b           ||||| |||| 00| 0 eng d</controlfield>
  <datafield tag="082" ind1=" " ind2=" ">
    <subfield code="a">346.066</subfield>
  </datafield>
  <datafield tag="100" ind1=" " ind2=" ">
    <subfield code="a">AIYAR, A.N.</subfield>
    <subfield code="9">6466</subfield>
  </datafield>
  <datafield tag="245" ind1=" " ind2=" ">
    <subfield code="a">REPORTS OF COMPANY CASES INCLUDING CASES OF BANKING AND INSURENCE [VOL-25]</subfield>
  </datafield>
  <datafield tag="260" ind1=" " ind2=" ">
    <subfield code="a">MADRAS</subfield>
    <subfield code="b">THE COMPANY LAW INSTITUTE </subfield>
    <subfield code="c">1955</subfield>
  </datafield>
  <datafield tag="300" ind1=" " ind2=" ">
    <subfield code="a">I-96,P</subfield>
  </datafield>
  <datafield tag="650" ind1=" " ind2=" ">
    <subfield code="a">LAW</subfield>
    <subfield code="9">5701</subfield>
  </datafield>
  <datafield tag="942" ind1=" " ind2=" ">
    <subfield code="c">JRL</subfield>
  </datafield>
  <datafield tag="952" ind1=" " ind2=" ">
    <subfield code="0">0</subfield>
    <subfield code="1">0</subfield>
    <subfield code="4">0</subfield>
    <subfield code="7">0</subfield>
    <subfield code="8">LAW</subfield>
    <subfield code="a">JRU</subfield>
    <subfield code="b">JRU</subfield>
    <subfield code="c">SHELF-34-A</subfield>
    <subfield code="d">2021-03-06</subfield>
    <subfield code="e">PURCHES</subfield>
    <subfield code="l">0</subfield>
    <subfield code="o">346.066</subfield>
    <subfield code="p">25189</subfield>
    <subfield code="r">2021-03-06 00:00:00</subfield>
    <subfield code="w">2021-03-06</subfield>
    <subfield code="y">JRL</subfield>
  </datafield>
</record>
